|
|
|
|
| LEADER |
00000naa a2200000uu 4500 |
| 001 |
vtls011058933 |
| 003 |
SK-MaSNL |
| 005 |
20260302114201.0 |
| 008 |
210907|2010 xo |||||||||||||||||eng| |
| 015 |
|
|
|a SNBRA
|
| 035 |
|
|
|a (urnnbn)urn:nbn:sk:snk:ar-a0c104
|
| 035 |
|
|
|a (uuid)bca45923-1d70-44a6-8966-891069668c10
|
| 035 |
|
|
|a urn:nbn:sk:snk-aav7kl
|
| 040 |
|
|
|a SNKBUCL
|b slo
|c SNKBUCL
|e AACR2
|
| 041 |
0 |
|
|a eng
|
| 044 |
|
|
|a xo
|c SK
|
| 100 |
1 |
|
|a Darula, Radoslav
|4 aut
|9 776670
|
| 245 |
1 |
0 |
|a Influence of specific noise on driver's comfort
|c Radoslav Darula, Stanislav Žiaran
|
| 700 |
1 |
|
|a Žiaran, Stanislav,
|d 1948-
|4 aut
|9 219147
|
| 773 |
0 |
|
|t Material - Acoustics - Place 2010
|d In Zvolen : Technical University, 2010
|g S. 55-58
|z 9788022821216
|
| 958 |
|
|
|a OND
|
| 958 |
|
|
|a article12
|
| 958 |
|
|
|a chapter
|
| 999 |
|
|
|c 1258665
|d 1260595
|